CAREER PLANNING AND DEVELOPMENT/ (Record no. 207731)

MARC details
000 -LEADER
fixed length control field 00535nam a22001817a 4500
005 - DATE AND TIME OF LATEST TRANSACTION
control field 20241216161700.0
010 ## - LCCN (DPL NO)
LC control number ENG-143103
020 ## - INTERNATIONAL STANDARD BOOK NUMBER
International Standard Book Number 9789382632849
Terms of availability 800.00
035 ## - SYSTEM CONTROL NUMBER
System control number EN-126635
037 ## - SOURCE OF ACQUISITION
Source of stock number/acquisition DBAD
082 ## - DEWEY DECIMAL CLASSIFICATION NUMBER
Classification number 363.70071
100 ## - MAIN ENTRY--PERSONAL NAME
Personal name Parmar, Manisha
245 ## - TITLE STATEMENT
Title CAREER PLANNING AND DEVELOPMENT/
Statement of responsibility, etc By Manisha Parmar
260 ## - PUBLICATION, DISTRIBUTION, ETC. (IMPRINT)
Place of publication, distribution, etc Allahabad
Name of publisher, distributor, etc Apraita Publication
Date of publication, distribution, etc 2018
270 ## - ADDRESS
Address 5, Khusro Bagh Road
City Allahabad
Postal code 211001
300 ## - PHYSICAL DESCRIPTION
Extent 252p.
Dimensions 21cm (hb)
942 ## - ADDED ENTRY ELEMENTS (KOHA)
Source of classification or shelving scheme Dewey Decimal Classification
Item type English Books
Classification part 363.70071
Call number suffix PAR
Holdings
Withdrawn status Lost status Not for loan Collection code Home library Current library Date acquired Source of acquisition Cost, normal purchase price Full call number Barcode Copy number Cost, replacement price Koha item type
      Non-fiction Janak Puri Janak Puri 16/12/2024 Delivery of Books Division 800.00 363.70071 PAR EN-126635 1 800.00 English Books

© Delhi Public Library
Hit Counter
free hit counter